Statystyki dla Które miasto w Stanach Zjednoczonych?

Kliknij tutaj aby rozwiązać quiz!

Ogólne statystyki

  • Ten quiz został rozwiązany 36 razy
  • Średni wynik to 9 z 29

Statystyki odpowiedzi

OpisMiasto% Poprawnych
Jej kod lotniskowy to: LAXLLos Angeles
94%
Mieszka w niej najwięcej KubańczykówMMiami
74%
Bywa określane mianem „Wietrznego miasta”, ponieważ zawsze wieje
CChicago
65%
Herbaciane przyjęcie w 1773 rokuBBoston
62%
"Miasto grzechu"LLas Vegas
62%
Lokalizacja dzwonu wolnościFFiladelfia
56%
Gdzie grają Seahawks?SSeattle
53%
Największe lotnisko na świecieAAtlanta
50%
Stracił ponad milion
mieszkańców od 1950 roku
DDetroit
50%
"Miasto nad zatoką"SSan Francisco
50%
Został zniszczony przez huragan HarveyHHouston
38%
Największe miasto w Nowym MeksykuAAlbuquerque
35%
Miasto, ktore było gospodarzem Zimowych Igrzysk Olimpijskich 2002SSalt Lake City
35%
Budynek federalny w tym mieście został
zbombardowany w 1995 roku
OOklahoma City
26%
Słynne miasteczko narciarskie w KoloradoAAspen
21%
Najludniejsze miasto, którego nazwa
zaczyna się od „Fort”
FFort Worth
18%
Stolica Amerykańskich Wysp DziewiczychC{Charlotte} Amalie
15%
Stolica najmniej zaludnionego stanuCCheyenne
15%
Graniczy z Ciudad JuárezEEl Paso
15%
„Brama na Zachód”SSaint Louis
15%
Mieszkał tu Edgar Allan PoeBBaltimore
9%
Miejsce urodzenia ElvisaTTupelo
6%
To miasto duchów w „Środkowej” Pensylwanii, trwają tam pożary kopalniiCCentralia
3%
Miasto w stanie Wyoming nazwane na cześć Buffalo BillCCody
3%
Największe miasto na wybrzeżu
Jeziora Górnego
DDuluth
3%
Największa wyspa na wyspie Hawai'iHHilo
3%
Największe miasto w Marianach PółnocnychSSaipan
3%
Miasto w pobliżu Parku Narodowego AcadiaBBar Harbor
0%
Najmniej zaludnione miasto będące domem dla
głównej drużyny sportowej pro
GGreen Bay
0%

Rozkład punktacji

Percentyl według liczby udzielonych odpowiedzi

Procent ludzi z każdym wynikiem

Twoja historia wyników

Nie rozwiązałeś tego quizu